Introducción a la lógica /

Zapisane w:
Opis bibliograficzny
1. autor: Gutiérrez Sáenz, Raúl (autor)
Format: Książka
Język:hiszpański
Wydane: México : Esfinge, 1999, c1998
Wydanie:2a edición
Hasła przedmiotowe:
Etykiety: Dodaj etykietę
Nie ma etykietki, Dołącz pierwszą etykiete!

MARC

LEADER 00000nam^a2200000^a^4500
001 000258373
005 20250521000000.0
009 20260526133514.658
020 |a 970-647-251-7 
037 |a Acervo Xavier Clavigero 
041 |a ESP 
082 |a 160.  |b GUT 
100 |a Gutiérrez Sáenz, Raúl  |e (autor) 
245 1 0 |a Introducción a la lógica /  |c R. Gutiérrez Sáenz. 
250 |a 2a edición 
264 4 |a México :  |b Esfinge,  |c 1999, c1998 
300 |a 355 p. 
336 |a texto  |b txt  |2 rdacontenido 
337 |a sin mediación  |b n  |2 rdamedio 
338 |a volumen  |b nc  |2 rdasoporte 
649 |a XX 
650 |a Definición (Lógica) 
650 |a Formación de Conceptos 
650 |a Juicio (Lógica) 
650 |a Razonamiento Lógico 
650 |a Silogismo 
650 |a Método Científico 
650 |a Metodología 
650 |a Lógica Matemática 
650 |a Lógica 
650 |a Filosofía 
910 |a Fondo General 
920 |a Impresos - Libros 
930 |a Colección General 
905 |a 101 
901 |a 000121  |b IT1  |c ACC  |u 20250521 
902 |a https://opac.biblio.iteso.mx/vufind/Record/000258373